01367nam a2200337Ia 4500001001200000003000800012006001900020007001500039008004100054010001700095020004300112020002700155040002100182035002100203050002600224082001600250100002700266245011500293260003300408300001500441490008200456504005100538533015200589600003500741650002700776650003700803655002900840710001700869856012600886999001701012ebr10643989CaPaEBRm u cr cn|||||||||121003s2013 nyu sb 001 0 eng d z 2012036414 z9781433121395 (hardcover : alk. paper) z9781453909935 (e-book) aCaPaEBRcCaPaEBR a(OCoLC)82993620614aB2430.M34bI23 2013eb04a370.1/22231 aIbarra, Luz M.,d1956-10aMaritain, religion, and educationh[electronic resource] :ba theocentric humanism approach /cLuz M. Ibarra. aNew York :bP. Lang,cc2013. aix, 211 p.0 aAmerican university studies. VII, Theology and religion,x0740-0446 ;vv. 326 aIncludes bibliographical references and index. aElectronic reproduction.bPalo Alto, Calif. :cebrary,d2013.nAvailable via World Wide Web.nAccess may be limited to ebrary affiliated libraries.10aMaritain, Jacques,d1882-1973. 0aEducationxPhilosophy. 0aReligious educationxPhilosophy. 7aElectronic books.2local2 aebrary, Inc.40uhttp://site.ebrary.com/lib/rucke/Doc?id=10643989zAn electronic book accessible through the World Wide Web; click to view c29844d29844